| 000 | 00391nam a22001457a 4500 | ||
|---|---|---|---|
| 005 | 20180228131057.0 | ||
| 008 | 170810b xxu||||| |||| 00| 0 eng d | ||
| 040 | _cPK-LaUMT | ||
| 082 |
_aZIAC 297 _bISL- |
||
| 100 | _aEbrahim Ahmed Bawany | ||
| 245 |
_aIslam: an introduction/ _cEbrahim Ahmed Bawany |
||
| 260 |
_aKarachi: _bBegum Aisha Bawany Wakf, _c1967 |
||
| 300 | _a161 p. | ||
| 942 | _cBK | ||
| 999 |
_c96820 _d96820 |
||